Closest Genetic Populations to the Latvians - Statistics

General Stats
  • This quiz has been taken 31 times
  • The average score is 8 of 12
Answer Stats
Genetic Distance Ethnicity % Correct
2.367 Russian
100%
2.359 Estonian
96%
0.852 Lithuanian
96%
3.852 Ukrainian
96%
5.069 Finnish
93%
4.345 Polish
93%
2.960 Belarusian
86%
6.283 Czech
68%
6.099 Slovakian
36%
5.776 Karelian
25%
4.590 Ingrian
18%
5.658 Mordvin
7%
No matching quizzes found
Score Distribution
Percent of People with Each Score
Percentile by Number Answered
Your Score History
You have not taken this quiz